ARRUPE JESUIT UNIVERSITY

CORONAVIRUS -STOP THE SPREAD - CLEAN,DISINFECT,COVER

"Voyage au bout de la nuit", Céline : (Record no. 124342)

MARC details
000 -LEADER
fixed length control field 00918cam a2200277 i 4500
001 - CONTROL NUMBER
control field 3189977
003 - CONTROL NUMBER IDENTIFIER
control field ARRUPE
005 - DATE AND TIME OF LATEST TRANSACTION
control field 20160309090451.0
008 - FIXED-LENGTH DATA ELEMENTS--GENERAL INFORMATION
fixed length control field 770126s1976 fr b 000 0 fre
010 ## - LIBRARY OF CONGRESS CONTROL NUMBER
LC control number 76488726
015 ## - NATIONAL BIBLIOGRAPHY NUMBER
National bibliography number F76-12523
020 ## - INTERNATIONAL STANDARD BOOK NUMBER
International Standard Book Number 2218019116 :
Terms of availability 6.00F
040 ## - CATALOGING SOURCE
Original cataloging agency DLC
Transcribing agency DLC
Modifying agency DLC
050 00 - LIBRARY OF CONGRESS CALL NUMBER
Classification number PQ2607.E834
Item number Z80
082 00 - DEWEY DECIMAL CLASSIFICATION NUMBER
Classification number 843/.9/12
300 ## - PHYSICAL DESCRIPTION
Dimensions 18 cm.
100 1# - MAIN ENTRY--PERSONAL NAME
Personal name Lalande, Bernard,
Dates associated with a name 1910-
9 (RLIN) 22837
245 10 - TITLE STATEMENT
Title "Voyage au bout de la nuit", Céline :
Remainder of title analyse critique /
Statement of responsibility, etc par Bernard Lalande, ....
260 ## - PUBLICATION, DISTRIBUTION, ETC. (IMPRINT)
Place of publication, distribution, etc Paris :
Name of publisher, distributor, etc Hatier,
Date of publication, distribution, etc 1976.
300 ## - PHYSICAL DESCRIPTION
Extent 79 p. ;
490 0# - SERIES STATEMENT
Series statement Profil d'une œuvre ; 53
504 ## - BIBLIOGRAPHY, ETC. NOTE
Bibliography, etc Bibliography: p. 77-78.
600 10 - SUBJECT ADDED ENTRY--PERSONAL NAME
Personal name Céline, Louis-Ferdinand,
Dates associated with a name 1894-1961.
Title of a work Voyage au bout de la nuit.
9 (RLIN) 22838
600 10 - SUBJECT ADDED ENTRY--PERSONAL NAME
Personal name Destouches, Louis Ferdinand
Title of a work Voyage au bout de la nuit.
9 (RLIN) 22839
906 ## - LOCAL DATA ELEMENT F, LDF (RLIN)
a 7
b cbc
c orignew
d u
e ncip
f 19
g y-gencatlg
942 ## - ADDED ENTRY ELEMENTS (KOHA)
Source of classification or shelving scheme Library of Congress Classification
Koha item type Monograph ( Printed materials)
Holdings
Withdrawn status Lost status Source of classification or shelving scheme Damaged status Not for loan Collection code Home library Current library Shelving location Date acquired Total Checkouts Full call number Barcode Date last seen Price effective from Koha item type
    Library of Congress Classification     Main Collection ARRUPE LIBRARY ARRUPE LIBRARY Main Collection 09/03/2016   PQ2607.E834Z80 46500006337 26/03/2019 09/03/2016 Monograph ( Printed materials)

 

Arrupe Library. PO Box MP320 Mt Pleasant, Harare, Zimbabwe
263 242 745411|librarian@aju.ac.zw